| 000 | 00362nam a22001577a 4500 | ||
|---|---|---|---|
| 999 |
_c525162 _d525162 |
||
| 003 | NUST | ||
| 005 | 20190628073734.0 | ||
| 008 | 190628b ||||| |||| 00| 0 eng d | ||
| 038 | _aAzhar | ||
| 082 |
_a891.4391 _bPAR |
||
| 100 | _4Afzal Pervez | ||
| 245 | _aGham rozgar kay | ||
| 260 |
_aLahore _bMaktaba kharabat _c1976 |
||
| 300 | _a208p; | ||
| 942 |
_2ddc _cBK |
||